| 000 | 00576nam a2200169Ia 4500 | ||
|---|---|---|---|
| 008 | 240428s9999||||xx |||||||||||||| ||und|| | ||
| 020 | _a19199691011 | ||
| 041 | _aeng | ||
| 082 | _a327.17N | ||
| 100 | _aMills, Greg (ed.) - Sidiropoulos, Elizabeth (ed.) | ||
| 245 | 0 | _aNew Tools for Reform and Stability: sanctions, conditionalities and conflict resolution | |
| 260 |
_bSouth African Institute of International Affairs _aJohannesburg _c2004 |
||
| 300 | _ax, 200p: maps: tabs; | ||
| 650 | _aConflict resolution - Tools for reform and stability | ||
| 942 | _cBK | ||
| 999 |
_c300 _d300 |
||